Monuments et lieux de Genève vus du ciel - Statistiques

Statistiques générales
  • Ce quiz a été pris 26 fois
  • Le résultat moyen est 6 sur 18
Statistiques - réponses
Par images Réponse % Correct
Jet d'Eau
88%
CERN
63%
Pointe de la Jonction
63%
Pont du Mont-Blanc
58%
Mur des Réformateurs
54%
Cathédrale Saint-Pierre
50%
Île Rousseau
42%
Jardin Botanique
33%
Eglise Russe
25%
L'Horloge Fleurie
25%
Chaise Cassée
21%
Place du Bourg-de-Four
17%
Monument Brunswick
8%
Musée d'art et d'histoire
8%
Cathédrale de l'Exaltation-de-la-Sainte-Croix
0%
Cimetière de Saint-Georges
0%
Palais de Nations
0%
Plaine de Planpalais
0%
Aucun quiz correspondant
Distribution des résultats
% des personnes avec chaque résultat
Percentile par nombre de réponses
Votre historique - résultats
Vous n’avez pas pris ce quiz